000 00399nam a2200145Ia 4500
008 240729s9999 xx 000 0 und d
022 _a2654-4148
245 0 _aIndonesian Journal of Disability Studies
260 _aIndonesia
260 _bBrawijaya University
650 _aSocial Sciences
856 _uhttps://doaj.org/toc/ba91ae62dc264cad98532014b84d7e14
942 _2ddc
942 _cDOAJEJ
999 _c67497
_d67497
945 _a1
_bMadushi Gamage
_c1
_dMadushi Gamage